The evolution of British town planning: a history of town planning in the United Kingdom during the 20th century and of the Royal Town Planning Institute, 1914-74 (Record no. 95129)

MARC details
000 -LEADER
fixed length control field 00547cam a2200181 4500
001 - CONTROL NUMBER
control field D2350
008 - FIXED-LENGTH DATA ELEMENTS--GENERAL INFORMATION
fixed length control field 090401t1974 xxu||||| |||| 00| 0 eng d
035 ## - SYSTEM CONTROL NUMBER
System control number (Sirsi) u68694
041 ## - LANGUAGE CODE
Language code of text/sound track or separate title eng
050 ## - LIBRARY OF CONGRESS CALL NUMBER
Classification number 711.40942
100 ## - MAIN ENTRY--PERSONAL NAME
Personal name Cherry, Gordon E
245 #4 - TITLE STATEMENT
Title The evolution of British town planning: a history of town planning in the United Kingdom during the 20th century and of the Royal Town Planning Institute, 1914-74
260 ## - PUBLICATION, DISTRIBUTION, ETC.
Place of publication, distribution, etc. London
Name of publisher, distributor, etc. Leonard Hill
Date of publication, distribution, etc. 1974
300 ## - PHYSICAL DESCRIPTION
Extent 275p. ill
350 ## - PRICE (NR) (BK AM CF MU VM SE) [OBSOLETE]
Price 6
942 ## - ADDED ENTRY ELEMENTS (KOHA)
Suppress in OPAC 0
948 ## - LOCAL PROCESSING INFORMATION (OCLC); SERIES PART DESIGNATOR (RLIN)
c (OCLC) 04/03/1997
Holdings
Withdrawn status Lost status Source of classification or shelving scheme Damaged status Not for loan Home library Current library Shelving location Date acquired Cost, normal purchase price Total Checkouts Full call number Barcode Date last seen Date last checked out Copy number Cost, replacement price Price effective from Koha item type
    Dewey Decimal Classification     London London Books 14/09/1999 6.00 15 711.40942 30006484 06/08/2019 22/12/2008 1 6.00 06/08/2019 Book